Las teorías del arte
Furkejuvvon:
| Váldodahkki: | |
|---|---|
| Materiálatiipa: | Girji |
| Giella: | espánnjágiella |
| Almmustuhtton: |
Buenos Aires
Adriana Hidalgo
2012
|
| Preanttus: | 1a. ed |
| Ráidu: | Los Sentidos. Artes Visuales
|
| Fáttát: | |
| Fáddágilkorat: |
Lasit fáddágilkoriid
Eai fáddágilkorat, Lasit vuosttaš fáddágilkora!
|
MARC
| LEADER | 00000cam a2200000 a 4500 | ||
|---|---|---|---|
| 001 | UCF1560 | ||
| 003 | CL-VaPUC | ||
| 008 | 120711e20120000AG |||||||||||||||||spa|d | ||
| 020 | |a 9789871556830 | ||
| 082 | 0 | 4 | |a 701.1 |b CAU |2 21 |
| 100 | 0 | |a Cauquelin, Anne |e author |9 563052 | |
| 245 | 1 | 4 | |a Las teorías del arte |
| 250 | |a 1a. ed | ||
| 300 | |a 144 p | ||
| 942 | |c BK | ||
| 945 | |d 20120711 00:00:00 |a cmena | ||
| 260 | |a Buenos Aires |b Adriana Hidalgo |c 2012 | ||
| 650 | 0 | |a Teoría del arte |9 387638 | |
| 650 | 0 | |a Filosofía del arte |9 264951 | |
| 650 | 0 | |a Escuelas filosóficas |9 266232 | |
| 583 | |a last modification |c 20120711 16:46:00 |k Rodrigo Vera | ||
| 490 | 0 | |a Los Sentidos. Artes Visuales | |
| 999 | |c 348287 |d 348285 | ||
| 952 | |0 0 |1 0 |4 0 |6 701_100000000000000_CAU_2012 |7 0 |8 A |9 450250 |a BIBART |b BIBART |d 2019-11-22 |i 4882024 |o 701.1 CAU 2012 |p 4882024 |r 2025-03-13 |w 2019-11-22 |y BK |k ART | ||
| 952 | |0 0 |1 0 |3 erb |4 0 |6 701_100000000000000_CAU_2012 |7 0 |8 A |9 450251 |a BIBART |b BIBART |i 5490952 |o 701.1 CAU 2012 |p 5490952 |r 2025-03-13 |w 2019-11-22 |y BK |z Catalogado en:20180824 |k ART | ||